00426nam a2200169Ia 4500003000400000005001700004008004100021020002400062040001700086082001600103100001500119245005000134250001100184260003100195300001600226650001400242IIN20240205155841.0231217s9999 xx 000 0 und d a9789386006318 (pbk) aIINbEnglish a610.73bGAN1 aGanesh, P.1 aTextbook of Sociology for Nurses /cP. Ganesh a2nd ed aBangalore :bEMMESS,c2017 aviii, 268p.1 aSociology